| 000 | 00634nam a2200205 a 4500 | ||
|---|---|---|---|
| 005 | 20240925064706.0 | ||
| 008 | 061122s2005 mx r 000 0 spa d | ||
| 020 | _a9508084502 | ||
| 035 | _aUPN01000148041 | ||
| 049 | _aCG | ||
| 050 | 4 |
_aJC330 _bS2.7 |
|
| 100 | 1 | _aSánchez-Parga, José | |
| 245 | 1 | 0 |
_aPoder y política en Maquiavelo / _cJosé Sánchez-Parga. |
| 260 |
_aRosario, Arg. : _bHomo Sapiens, _c2005. |
||
| 300 | _a541 p. | ||
| 440 | 0 | _aEstudios de filosofía política | |
| 650 | 4 |
_aPoder (Ciencias sociales) _91203 |
|
| 600 | 1 | 0 |
_aMaquiavelo, Nicolás, _d1469-1527 _xCrítica e interpretación _96677 |
| 905 | _aLibro | ||
| 999 |
_c120183 _d120183 |
||